The reconstruction of Georgia /

Bibliographic Details
Main Author: Woolley, Edwin Campbell, 1878-1916
Format: Book
Language:English
Published: New York : Columbia university press; [etc., etc.], 1901.
Series:Studies in history, economics, and public law ; vol. XIII, no. 3 = whole no. 36.
Subjects:

MARC

Tag First Indicator Second Indicator Subfields
LEADER 00000cam a2200000 4500
001 in00000221421
005 20151009074106.0
008 750604s1901 nyu b 00010 eng d
010 |a  02025101  
035 |a (OCoLC)01372823 
035 |9 AAZ1839AM 
040 |c GUA  |d TXA  |d UtOrBLW 
049 |a TXAM  |c [234518] 
090 |a H31  |b .C7 no. 36 
092 |a 975.8/04 
100 1 |a Woolley, Edwin Campbell,  |d 1878-1916. 
245 1 4 |a The reconstruction of Georgia /  |c by Edwin C. Woolley, PH.D. 
264 1 |a New York :  |b Columbia university press; [etc., etc.],  |c 1901. 
300 |a 112 pages ;  |c 23 cm. 
336 |a text  |b txt  |2 rdacontent 
337 |a unmediated  |b n  |2 rdamedia 
338 |a volume  |b nc  |2 rdacarrier 
490 1 |a Studies in history, economics and public law, ed. by the Faculty of political science of Columbia university ... ;  |v vol. XIII, no. 3, whole no. 36 
504 |a Bibliography: pages 111-112. 
650 0 |a Reconstruction (U.S. history, 1865-1877)  |z Georgia. 
830 0 |a Studies in history, economics, and public law ;  |v vol. XIII, no. 3 = whole no. 36. 
999 |a MARS 
999 f f |s aa9fe0f6-4d72-3607-8b77-72573cd3a163  |i 72a1d2ab-bd61-3262-9627-95a86cddc6ca  |t 0 
952 f f |p normal  |a Texas A&M University  |b College Station  |c Sterling C. Evans Library  |d Evans: Library Stacks  |t 0  |e H31 .C7 no. 36  |h Library of Congress classification  |i unmediated -- volume  |m A14802501017 
998 f f |a H31 .C7 no. 36  |t 0  |l Evans: Library Stacks